Midill (97PL) Ltd v Park Lane Estates Ltd (1) and Gomba International Investments Ltd (2) (Record no. 81106)

MARC details
000 -LEADER
fixed length control field 01556cab a22002295a 4500
001 - CONTROL NUMBER
control field L146262
008 - FIXED-LENGTH DATA ELEMENTS--GENERAL INFORMATION
fixed length control field 081223e20081111xxk f v 000 0 eng d
035 ## - SYSTEM CONTROL NUMBER
System control number (Sirsi) u146262
041 0# - LANGUAGE CODE
Language code of text/sound track or separate title eng
245 00 - TITLE STATEMENT
Title Midill (97PL) Ltd v Park Lane Estates Ltd (1) and Gomba International Investments Ltd (2)
Medium [electronic resource]
260 ## - PUBLICATION, DISTRIBUTION, ETC.
Date of publication, distribution, etc. 2008
520 ## - SUMMARY, ETC.
Summary, etc. [2008] EWCA Civ 1227, 11 November 2008. The case considered the consequences of a buyer's failure to complete a sale of contract. A prospective buyer (M) sought the return of a £400 000 deposit after an initial decision in favour of the vendor, G (see L143243). G had served a notice to complete but completion did not happen. M argued that the notice was invalid. The case turned on whether the G was able to retain the deposit. Held: appeal dismissed. M had failed to show that the vendor was not ready to complete the deal on the agreed date. It also failed to convince the Court of Appeal that there were special circumstances to allow the return of the deposit, even though the vendor sold the property for a handsome profit only a few months later.
590 ## - LOCAL NOTE (RLIN)
Local note KA
650 24 - SUBJECT ADDED ENTRY--TOPICAL TERM
Topical term or geographic name entry element MIDILL (97PL) LTD V PARK LANE ESTATES LTD AND ANOTHER
650 24 - SUBJECT ADDED ENTRY--TOPICAL TERM
Topical term or geographic name entry element LAW OF PROPERTY ACT 1925 S49(2)
650 24 - SUBJECT ADDED ENTRY--TOPICAL TERM
Topical term or geographic name entry element OMAR V EL-WAKIL
650 24 - SUBJECT ADDED ENTRY--TOPICAL TERM
Topical term or geographic name entry element STANDARD CONDITIONS OF SALE
651 #4 - SUBJECT ADDED ENTRY--GEOGRAPHIC NAME
Geographic name England and Wales
Chronological subdivision 1543-
690 ## - LOCAL SUBJECT ADDED ENTRY--TOPICAL TERM (OCLC, RLIN)
Topical term or geographic name as entry element PROPERTY-PROPERTY ACQUISITION AND DISPOSAL
856 40 - ELECTRONIC LOCATION AND ACCESS
Uniform Resource Identifier <a href="https://www.bailii.org/ew/cases/EWCA/Civ/2008/1227.html">https://www.bailii.org/ew/cases/EWCA/Civ/2008/1227.html</a>
Public note View the item free of charge at www.bailii.org...
942 ## - ADDED ENTRY ELEMENTS (KOHA)
Suppress in OPAC 0
Holdings
Withdrawn status Lost status Source of classification or shelving scheme Damaged status Not for loan Home library Current library Shelving location Date acquired Total Checkouts Full call number Barcode Date last seen Copy number Price effective from Koha item type
    Dewey Decimal Classification     Virtual Virtual Online 23/12/2008   ONLINE PUBLICATION 146262-1001 06/08/2019 1 06/08/2019 Law report